00481nam a2200181Ia 4500008004100000041001200041082001100053100002000064245004900084260000900133365000800142520001300150546001200163630004900175650001300224655001300237730004900250101110s9999 xx 000 0 und d aENGLISH bJR3881 aBalagurusamy E. aProgramming with JAVA : A Primer ( 2nd Ed. ) c2000 b170 aComputer aENGLISH aProgramming with JAVA : A Primer ( 2nd Ed. ) aComputer aComputer aProgramming with JAVA : A Primer ( 2nd Ed. )